Servei d'Informació Estadística i Financera Municipal : avenç del pressupost pel 1986 avenç del pressupost pel 1986
Descripción Física:
[7] f. ; 29 cm
MARC
| LEADER | 00000nam a2200000Ia 4500 | ||
|---|---|---|---|
| 001 | 22711 | ||
| 003 | BGR | ||
| 005 | 20260324175758.0 | ||
| 008 | 160829s1985 xx 000 0 cat d | ||
| 080 | |a FU-57-44 | ||
| 110 | 1 | |a Barcelona (Catalunya : Província). |b Diputació |b Servei d'Informació Estadística i Financera Municipal |9 52408 | |
| 245 | |a Servei d'Informació Estadística i Financera Municipal : |b avenç del pressupost pel 1986 | ||
| 260 | |a Barcelona : |b CEP, Centre d'Estudis de Planificació, |c 1985 | ||
| 300 | |a [7] f. ; |c 29 cm | ||
| 650 | 0 | |a Finances municipals |z Barcelona (Província) |9 20808 | |
| 710 | 1 | |a Barcelona (Catalunya : Província). |b Diputació |b Servei d'Informació Estadística i Financera Municipal |9 52408 | |
| 710 | 2 | |a Centre d'Estudis de Planificació |9 70658 | |
| 901 | |a Arxiu | ||
| 942 | |n 1 |2 udc |c MON | ||
| 952 | |0 0 |1 0 |4 0 |7 1 |9 49984 |a Arxiu |b Arxiu |d 2023-04-13 |h Avenç del pressupost 1986 |o FU-57-44 |p 22711 |r 2016-12-01 00:00:00 |w 2016-12-01 |y ARXIU | ||
| 999 | |c 53826 |d 53826 | ||